Statistics for World's Most Congested Cities

Click here to take the quiz!

General Stats

  • This quiz has been taken 35 times
  • The average score is 23 of 31

Answer Stats

Rank Country Answer % Correct
1IndonesiaJakarta
100%
3MexicoMexico City
97%
6ItalyRome
97%
7RussiaMoscow
97%
9ArgentinaBuenos Aires
97%
17UKLondon
97%
2TurkeyIstanbul
97%
12ChinaShanghai
97%
15SpainMadrid
94%
26GreeceAthens
94%
23TaiwanTaipei
94%
22SpainBarcelona
94%
16ChinaBeijing
94%
14BrazilSao Paulo
94%
8ThailandBangkok
94%
5RussiaSaint Petersburg
94%
13NetherlandsAmsterdam
91%
11UKManchester
91%
10ItalyMilan
88%
31TurkeyAnkara
76%
20ChinaHong Kong
65%
19MexicoGuadalajara
62%
4IndonesiaSurabaya
53%
24BrazilSalvador
44%
30GreeceThessaloniki
44%
28BrazilBelo Horizonte
41%
25ThailandPhuket
35%
27BrazilCuritiba
26%
21TaiwanKaohsiung
24%
18MalaysiaJohor Bahru
12%
29SpainCordoba
12%

Score Distribution

Percentile by Number Answered

Percent of People with Each Score

Your Score History

You have not taken this quiz